000 00493nam a22001937a 4500
003 MPLRDC
005 20220104123409.0
008 210129b ||||| |||| 00| 0 eng d
020 _a957-593-514-4
082 _a889 LMJD v.151
100 _aKATHARINE KINCAID
245 _a午夜宝藏
_c宋海青译
250 _a第一版
260 _a
_b林白出版社
_c1994
300 _b
490 _a浪漫经典. 151
650 _a西洋小说之中文翻译
942 _cBK
_o889 LMJD v.151
999 _c11093
_d11083